000 00279nam a2200109Ia 4500
001 1272309
005 20260417151426.0
008 260417s9999 xx 000 0 und d
020 _a9786258486681
245 0 _aKıpır Kıpır Kıpırdak
_cJeanne Willis
260 _bKetebe Çocuk
999 _c1272309
_d1272309